000 01080nam a22002417a 4500
999 _c65921
_d65921
005 20240530110850.0
008 200912s2019 ua a f b 000 0dara d
017 _a2018/14174
_bمصر. دار الكتب
020 _a9789774387316
040 _aEG-CaGPL
_cEG-CaGPL
082 0 4 _221
_a303.45\
_bق/ر م
100 0 _aرشا محمود عبدالعزيز فيالة
245 1 0 _aمظاهر الفساد الاجتماعى فى مصر فى عصر سلاطين المماليك :
_b( 648 - 923 هـ / 1250 - 1517 م ) : المسكرات نموذجا /
_cرشا محمود عبدالعزيز فيالة
250 _aط.1
260 _aالقاهرة :
_bالمكتب الجامعى الحديث ،
_c2019
300 _a208 ص. ؛
_c24 سم.
504 _aيشتمل على ارجاعات ببليوجرافية
650 0 7 _aالفساد الاجتماعى
_2qrmak
650 0 7 _aالمسكرات
_2qrmak
651 0 7 _2qrmak
_aمصر
_xالاحوال الاجتماعية
_yعصر المماليك
942 _2ddc
_cBK